Landkreise und kreisfreie Städte mit den größten Einkaufszentren - Statistiken

Allgemein
  • Dieses Quiz wurde 95 mal gespielt
  • Das Durchschnittsergebnis liegt bei 33 aus 74
Antworten auf der Karte
Die Antworten werden auf der Karte rot bzw. grün angezeigt, abhängig davon wie oft sie richtig erraten wurden.
 
Antwortstatistiken
Gruppe Pl. Name Landkreis / Stadt Größe in m² % Korrekt
RBB 1 Gropius Passagen Berlin 94.700
84%
BR 1 Riem Arcaden München 61.100
84%
HR 1 Nordwestzentrum Frankfurt am Main 94.500
83%
RBB 10 Spitzkrug Multi Center Frankfurt (Oder) 14.910
83%
NDR 5 Alstertal-Einkaufszentrum Hamburg 59.000
83%
WDR 10 Rhein Center Köln 40.000
83%
BR 4 Franken-Center Nürnberg 40.000
80%
NDR 3 Weserpark Bremen 66.000
79%
MDR 5 Paunsdorf Center Leipzig 57.600
78%
SR/SWR 1 Milaneo Stuttgart 43.000
76%
MDR 1 Elbepark ____ Dresden 99.700
75%
MDR 4 Florapark Magdeburg 66.500
70%
BR 7 City-Galerie Augsburg 25.000
69%
MDR 7 T.E.C. ____ Erfurt 32.000
69%
BR 3 Donau-Einkaufszentrum Regensburg 53.100
69%
SR/SWR 4 Saarbasar Regionalverband Saarbrücken 34.700
69%
NDR 9 A2 Center Region Hannover 35.000
69%
NDR 4 Hanse-Center Rostock 61.200
68%
WDR 4 Limbecker Platz Essen 70.000
66%
RBB 5 Stern-Center ____ Potsdam 35.000
66%
RBB 3 Lausitz-Park Cottbus 45.000
63%
SR/SWR 6 Ettlinger Tor ____ Karlsruhe 33.000
63%
MDR 2 ____-Center Chemnitz 95.500
61%
BR 5 Westpark Ingolstadt 32.000
61%
WDR 1 Centro ____ Oberhausen 125.000
61%
HR 4 LOOP5 Darmstadt-Dieburg 56.500
60%
HR 7 Lilien-Carré Wiesbaden 26.000
60%
HR 6 DEZ Kassel 30.000
59%
WDR 2 Ruhrpark Bochum 118.600
58%
NDR 8 CITTI-Park Lübeck 37.600
58%
MDR 10 Goethe Galerie Jena 29.000
56%
NDR 10 Schloss-Arkaden Braunschweig 30.000
55%
WDR 6 Forum ____ Duisburg 59.200
55%
SR/SWR 2 Blautal-Center Ulm 37.500
54%
NDR 7 Fördepark Flensburg 47.000
53%
SR/SWR 8 Forum Mittelrhein Koblenz 32.000
53%
MDR 7 ____ Arcaden Gera 32.000
51%
BR 9 Forum Allgäu Kempten (Allgäu) 23.000
50%
RBB 6 Einkaufszentrum Wust Brandenburg an der Havel 34.500
48%
HR 5 Isenburg-Zentrum Offenbach 44.000
48%
HR 10 Galerie Neustädter Tor Gießen 18.000
46%
NDR 10 Columbus-Center Bremerhaven 30.000
45%
SR/SWR 9 Rhein-Galerie Ludwigshafen am Rhein 30.000
43%
BR 2 City-Galerie Aschaffenburg 55.000
41%
WDR 7 Marler Stern Recklinghausen 58.000
34%
WDR 3 RheinRuhrZentrum Mülheim an der Ruhr 79.000
29%
SR/SWR 3 Breuningerland ____ Ludwigsburg 36.000
28%
SR/SWR 10 Marstall Ludwigsburg 25.700
28%
HR 8 Forum Wetzlar Lahn-Dill-Kreis 24.000
25%
HR 2 Main-Taunus-Zentrum Main-Taunus-Kreis 91.000
25%
HR 9 Forum Hanau Main-Kinzig-Kreis 22.500
24%
SR/SWR 7 Breuningerland Sindelfingen Böblingen 32.600
23%
HR 3 Rhein-Neckar-Zentrum Bergstraße 60.000
21%
WDR 5 Porta Markt Minden-Lübbecke 62.000
21%
WDR 8 Hürth Park Rhein-Erft-Kreis 55.000
21%
BR 10 Stadtgalerie Schweinfurt 22.500
21%
SR/SWR 5 Saarpark-Center Neunkirchen 34.000
20%
RBB 4 Havelpark Dallgow Havelland 41.000
19%
MDR 9 Riesapark Meißen 30.000
19%
BR 8 Glacis-Galerie Neu-Ulm 24.800
19%
BR 6 Brücken-Center Ansbach 29.000
18%
MDR 8 Plauen Park Vogtlandkreis 30.270
18%
WDR 9 Huma Shoppingwelt Rhein-Sieg-Kreis 49.000
16%
RBB 8 City Center Eisenhüttenstadt Oder-Spree 23.450
15%
RBB 3 Kaufpark Eiche Barnim 45.000
14%
RBB 9 Oder-Center Uckermark 17.760
11%
RBB 2 A10 Center Dahme-Spreewald 66.000
10%
RBB 7 Südring Center Teltow-Fläming 23.740
9%
NDR 2 Ostseepark Plön 100.000
8%
MDR 3 Nova Saalekreis 76.000
6%
NDR 6 Dodenhof Segeberg 55.400
6%
MDR 6 Elbepark Börde 45.000
4%
NDR 1 Dodenhof Verden 125.000
4%
SR/SWR 6 ____-Center Schwarzwald-Baar-Kreis 33.000
1%
Keine übereinstimmenden Quizze gefunden
Verteilung der Resultate
Anzahl Personen mit jedem Resultat
Perzentil nach korrekt beantworteten Fragen
Ihre Resultats-Entwicklung
Sie haben dieses Quiz noch nicht gespielt